La genetica en la legislacion penal colombiana / (Registro nro. 49686)

Detalles MARC
000 -LEADER
fixed length control field 01662nam a2200265 4500
001 - CONTROL NUMBER
control field 0000012647
003 - CONTROL NUMBER IDENTIFIER
control field CO-CtgCURN
005 - DATE AND TIME OF LATEST TRANSACTION
control field 20250826223709.0
008 - FIXED-LENGTH DATA ELEMENTS--GENERAL INFORMATION
fixed length control field 160627s2002 000 0 eng d
020 ## - INTERNATIONAL STANDARD BOOK NUMBER
International Standard Book Number 9589380468
040 ## - CATALOGING SOURCE
Original cataloging agency CO-CtgCURN
Language of cataloging spa
Transcribing agency coctgcurn
082 0# - DEWEY DECIMAL CLASSIFICATION NUMBER
Classification number 344
Item number A94g
100 1# - MAIN ENTRY--PERSONAL NAME
Personal name Avila de Miranda, Nancy.
245 13 - TITLE STATEMENT
Title La genetica en la legislacion penal colombiana /
Statement of responsibility, etc. Nancy Avila de Miranda.
260 ## - PUBLICATION, DISTRIBUTION, ETC.
Place of publication, distribution, etc. Bogotá :
Name of publisher, distributor, etc. Juridica Sánchez,
Date of publication, distribution, etc. 2002.
300 ## - PHYSICAL DESCRIPTION
Extent 196 p.
336 ## - CONTENT TYPE
Source rdacontent
337 ## - MEDIA TYPE
Source rdamedia
Media type term sin mediacion
Media type code n
338 ## - CARRIER TYPE
Source rdacarrier
Carrier type term volumen
Carrier type code nc
505 8# - FORMATTED CONTENTS NOTE
Formatted contents note Libertad de investigación.--Dicciónario.--Genetica y dignidad humana.--Derecho a la privacidad genetica.--Derecho a la no descriminacion por el patrimonio genetico.--Derecho a la informacion genetica.--Identificacion por perfiles geneticos.--El ADN estructura y funciones.--La prueba genetica.--Huella genetica.--Requisitos legales de la prueba genetica.--Valoracion probatoria de la prueba genetica.--La huella genetica y sus aplicaciones forenses.--Confiabilidad de la prueba genetica.--La inseminacion artificial.--Manipulacion genetica en el nuevo Código penal.--El aborto.--Consecuencias penales.--Circustancias de atenuacion punitiva del aborto.--Abandono de hijo fruto de acceso carnal violento, abusivo o de inseminacion artificial o transferencia de ovulo fecundado no consentidas.--La manipulacion genetica en el Código penal español
650 #0 - SUBJECT ADDED ENTRY--TOPICAL TERM
Topical term or geographic name entry element Ingenieria genetica
Form subdivision Legislacion comparada.
908 ## - PUT COMMAND PARAMETER (RLIN)
Put command parameter 160627
942 ## - ADDED ENTRY ELEMENTS (KOHA)
Koha item type Libros
Classification part 344
Item part A94g
Source of classification or shelving scheme Dewey Decimal Classification
999 ## - SYSTEM CONTROL NUMBERS (KOHA)
-- 1
Existencias
Withdrawn status Lost status Source of classification or shelving scheme Damaged status Not for loan Home library Current library Shelving location Date acquired Total checkouts Full call number Barcode Date last seen Price effective from Koha item type
    Dewey Decimal Classification     Miguel Henríquez Castañeda Miguel Henríquez Castañeda General 03/04/2019   344 A94g 004464 03/04/2019 03/04/2019 Libros